00901nam a22002537a 4500003000400000005001700004008004100021020001800062040002300080041000800103050002200111100001000133245019500143250002200338264006700360300003500427336002200462337002400484338002400508650002000532650003000552650002500582700004000607OSt20260530115322.0260520b2019 mx a|||| |||| 00| 0 spa d a9786073021845 aICIbspacICIerda aspa aN72.S6 bL37 2019 eautor1 aLas artes y el diseño frente a un mundo complejo :buna reflexión a 50 años del inicio de los Estudios de Posgrado en Artes y Diseño en la UNAM /ccompilador Dr. Julio Frías Peña aprimera edición aMéxico :bUniversidad Nacional Autónoma de México,c2019 a197 páginas :bilustraciones 2rdacontentatexto 2rdamediaasin medio 2rdacarrieravolumen 4aArte y sociedad 4aDiseño contemporáneo. 4aDiseño industrial.1 aFrías Peña, Julio,ecompilador